History Quiz

Random History or Clickable Quiz

'F' American History Figures Quiz Stats

Quiz Updated Dec 28, 2015

Challenge
Share
Tweet
Embed
Score 0/20 Timer 04:00
8 Plays Today
% Correct
Henry Ford
93.3%
Benjamin Franklin
91.5%
F. Scott Fitzgerald
90.7%
Ella Fitzgerald
90.5%
Gerald Ford
90.3%
Charles W. Fairbanks
85.8%
Robert Frost
84.2%
Millard Fillmore
82%
William Faulkner
78.8%
Betty Friedan
73.2%
% Correct
Geraldine Ferraro
70.2%
Robert Fulton
67.2%
Nathan Bedford Forrest
61.8%
Milton Friedman
61.7%
David Farragut
53.1%
Dianne Feinstein
51.2%
Tom Foley
50.4%
W. Mark Felt
49%
John C. Frémont
43.3%
Charles G. Finney
40.5%

You're not logged in!

Compare scores with friends on all Sporcle quizzes.
Join for Free
OR
Log In

You Might Also Like...

Show Comments

Extras

Top Quizzes Today


Score Distribution

Your Account Isn't Verified!

In order to create a playlist on Sporcle, you need to verify the email address you used during registration. Go to your Sporcle Settings to finish the process.

Report this User

Report this user for behavior that violates our Community Guidelines.

Details: